000
00271nam a22001097a 4500
008
170118b xxu||||| |||| 00| 0 eng d
020
_a
9780781732284
041
_a
eng
080
_2
4TH
_a
618.2
245
_a
STUDY GUIDE TO CLINICAL PROCEDURES
_c
TEMPLE, J.S
942
_2
udc
_c
BK
999
_c
3143
_d
3143